000 00684nam a2200205 i 4500
003 DO-SdBNP
005 20230626095500.0
006 a||||fr|||| 00| 0
007 ta
008 230626e1992 dr a|||| |||| 00| 0 spa d
040 _aDO-SdBNP
_bspa
_cBNPHU
_erda
082 4 _222
_bP381d
100 _aPeláez Ruiz, Tirso Eduardo
_d1951-
_954929
245 1 0 _aDirectorio y tarifas profesionales de los ingenieros , arquitectos y agrimensores. /
_cTirso Eduardo Peláez Ruiz.
264 1 _aSanto Domingo :
_bCENAPEC,
_c1992
300 _a215 páginas ;
_c27 cm
500 _aIncluye datos biográficos del autor en la página [216]
590 _aInventariado 2023 / MF
942 _2ddc
_cLBS1
999 _c53945
_d53945